Logo BPK

Biblioteka

Politechniki Koszalińskiej

Elementy i nakopiteli zapominajuscich ustrojstv magnitnych plenkach / (Rekord nr 26610)

Szczegóły MARC
000 -ETYKIETA REKORDU
podpole kontrolne o stałej długości 00394nam a2200145 i 4500
001 - NUMER KONTROLNY REKORDU
pole kontrolne bg
040 ## - ŹRÓDŁO KATALOGOWANIA
Instytucja, która utworzyła rekord BPK
041 ## - KOD JĘZYKA
Kod języka tekstu pol
008 - POLE O STAŁEJ DŁUGOŚCI - DANE KONTROLNE
podpole kontrolne o stałej długości s pl f |000 0 pol
100 1# - NAZWA OSOBOWA
Nazwa osobowa ŻARIKOV, G. P.
245 #0 - TYTUŁ/ODPOWIEDZIALNOŚĆ
Tytuł Elementy i nakopiteli zapominajuscich ustrojstv magnitnych plenkach /
Pozostałe elementy strefy tytułu i oznaczenia odpowiedzialności G.P. Żarikov, G.A. Michailov.
260 ## - STREFA ADRESU WYDAWNICZEGO
Miejsce wydania Kiev,
Data publikacji, dystrybucji/powstania dokumentu 1974.
700 1# - HASŁO DODATKOWE - NAZWA OSOBOWA
Nazwa osobowa MICHAILOV, G. A.
856 ## - LOKALIZACJA I DOSTĘP DO ELEKTRONICZNYCH DOKUMENTÓW ZDALNYCH
Link (URL) http://koha.tu.koszalin.pl/cgi-bin/koha/opac-detail.pl?biblionumber=26610
Tekst linku Katalog online BPK
942 ## - DODATKOWE ELEMENTY (KOHA)
Typ dokumentu Książka
Egzemplarze
Wycofany Status egzemplarza Uszkodzony Dostępność Lokalizacja stała Lokalizacja bieżąca Numer ubytku Sygnatura Kod kreskowy Typ dokumentu Miejsce przechowywania
  Egz. niedostępny   Niedostępny Biblioteka Politechniki Koszalińskiej Biblioteka Politechniki Koszalińskiej 11777 18097 01716399 Książka  
      Dostępny Biblioteka Politechniki Koszalińskiej Biblioteka Politechniki Koszalińskiej   18098 01716405 Książka Wypożyczalnia BG
© 2023 Biblioteka Politechniki Koszalińskiej :: KOHA